Ikere journal of science (Record no. 38261)

MARC details
000 -LEADER
fixed length control field 00420nam a2200145Ia 4500
022 ## - INTERNATIONAL STANDARD SERIAL NUMBER
ISSN 2714-5115
050 ## - CALL MARK
Classification number Q 183.4.N5 .I34/
245 #0 - TITLE STATEMENT
Title Ikere journal of science
260 ## - PUBLICATION, DISTRIBUTION, ETC. (IMPRINT)
Year of publication 2021
300 ## - PHYSICAL DESCRIPTION
Number of Pages ix, 91 p. :ill. ; 28 cm.
650 ## - SUBJECT ADDED ENTRY--TOPICAL TERM
Topical Term Science--Study and teaching--Nigeria--Periodicals. Education--Nigeria--Periodicals.
942 ## - ADDED ENTRY ELEMENTS (KOHA)
Koha item type Serials

No items available.